000 00614nam a22001697a 4500
020 _qHard Cover.
082 _a200
100 _aRaffi, Umair Rehman
245 _a Development of Zeolitic Imidazolate Frameworks (ZIFs) for Dyes Adsorption Applications /
_cUmair Rehman Raffi.
260 _aIslamabad:
_bSCME - NUST,
_c2018.
300 _aix, 63 p. : ill. ;
_c30cm.
650 _aMS-Chemical Engineering
_9129140
700 _aSupervisor: Dr. Tayyaba Noor.
_9123508
856 _uhttp://10.250.8.41:8080/xmlui/handle/123456789/13372
942 _2ddc
_cSC
999 _c534477
_d534477